The Underground economy in the United States and abroad /

Bibliographic Details
Other Authors: Tanzi, Vito
Format: Book
Language:English
Published: Lexington, Mass. : Lexington Books, [1982]
Subjects:

MARC

Tag First Indicator Second Indicator Subfields
LEADER 00000pam a2200000 a 4500
001 in00000085501
005 20151008061518.0
008 811123s1982 maua b 00100 eng
010 |a  80008887  
020 |a 0669044008 
035 |a (OCoLC)07998544 
035 |9 AAJ8223AM 
039 0 |a 2  |b 3  |c 3  |d 3  |e 3 
040 |a DLC  |c DLC  |d TXA  |d UtOrBLW 
043 |a n-us--- 
049 |a TXAM  |c [1196807] 
050 0 0 |a HD2341  |b .U48 
082 0 |a 336.24/16  |2 19 
245 0 4 |a The Underground economy in the United States and abroad /  |c edited by Vito Tanzi. 
264 1 |a Lexington, Mass. :  |b Lexington Books,  |c [1982] 
264 4 |c ©1982 
300 |a x, 340 pages :  |b illustrations ;  |c 24 cm. 
336 |a text  |b txt  |2 rdacontent 
337 |a unmediated  |b n  |2 rdamedia 
338 |a volume  |b nc  |2 rdacarrier 
504 |a Includes bibliographies and index. 
650 0 |a Informal sector (Economics) 
650 0 |a Informal sector (Economics)  |z United States. 
700 1 |a Tanzi, Vito. 
999 |a MARS 
999 f f |s b5b6df4a-99a1-3329-b048-d7263cfc6a10  |i 99f93119-9c2b-3de6-93c4-7f490df0c3bf  |t 0 
952 f f |p ric  |a Texas A&M University  |b Rellis Campus  |c Joint Library Facility  |d Remote Storage  |t 0  |e HD2341 .U48  |h Library of Congress classification  |i unmediated -- volume  |m A14806126982 
998 f f |a HD2341 .U48  |t 0  |l Remote Storage